00693nam a2200229Ia 4500003000900000008004100009040001300050040001300063041000800076100002000084245004500104250001300149260001500162260000900177300001100186300001000197490002800207490000600235942000700241999001700248952019800265IT-RoPAU120407s9999 xx 000 0 und d aIT-RoPAU cIT-RoPAU aita aGiorgio Berkley aSaggio di una nuova teoria della visione aLanciano aR. Carabba c1920 a142 p. c19 cm aCultura dell’anima,20 v1 cBK c25686d25686 00102ddc406108_12000000000000071aPAULUSbPAULUSd2012-04-11l0o108.120r2012-04-11 00:00:00w2012-04-11yBKzInserito da: Carla In data: 24 ottobre 2011 fondo: Via A.Severo 56 Progr:31662